000 01037nam a2200265 a 4500
001 000042964
003 DO-SdBNP
005 20251204073702.0
008 140213s2000 dr ad 000 0 spa d
040 _aDO-SdBNP
_bspa
_cBNPHU
082 _a328.304
_bR621s
100 1 _aRivera Cira, Tirza
_970456
245 1 3 _aEl sector justicia y la reforma judicial en la República Dominicana /
_cTirza Rivera Cira.
260 _aSanto Domingo :
_bFINJUS,
_c2000.
300 _a245 p. :
_bil., gráfcs., tabls. ;
_c23 cm.
500 _aIncluye referencias bibliográficas y notas al pie de páginas.
504 _aBibliografía : p. 231-242.
590 _aInventariado, 2018/BT
650 4 _aReforma judicial
_zRepública Dominicana
_970457
650 0 _aAdministración de justicia
_zRepública Dominicana
_910083
710 1 2 _aFundación Institucionalidad y Justicia
_919649
710 1 2 _aRepública Dominicana.
_bProyecto de Modernización de Tribunales (PMT)
_970459
910 _aValidado. Control de calidad. EMS
942 _2ddc
_cLBS1
999 _c42453
_d42453